000 00308nam a22001457a 4500
008 210301b ||||| |||| 00| 0 eng d
020 _a9780495103288
041 _aeng
080 _210th
_a316
082 _a316
100 _a50
101 _aSOC
245 _aOur Sexuality
_cCrooks, R
942 _2udc
_cBK
999 _c55350
_d55350